| 000 | 00716nmc a2200253 a 4500 | ||
|---|---|---|---|
| 003 | AR-BaBNM | ||
| 005 | 20251128203252.0 | ||
| 008 | 297019s1992 ||||||||||||||000 | spa|| | ||
| 020 | _a968-16-0284-6 | ||
| 040 | _cAR-BaBNM | ||
| 245 | 1 | 0 | _aDiccionario de sociología |
| 250 | _a1ª ed. | ||
| 260 |
_aMéxico, D.F. _bFondo de Cultura Económica _c1992 |
||
| 300 | 0 | _a317 p. | |
| 490 | 0 | _aSección de obras de sociología | |
| 500 | 0 | _aLa biblioteca posee la primera edición en español de 1949 [inventario 054344] | |
| 650 | 4 | _aDICCIONARIOS | |
| 650 | 4 | _aSOCIOLOGIA | |
| 650 | 4 | _aCIENCIAS SOCIALES | |
| 655 | _aREFERENCIA | ||
| 700 | 1 |
_aFairchild, Henry Pratt _eeditor |
|
| 942 | _cBK | ||
| 998 | _claura | ||
| 999 |
_c2643 _d2643 |
||